000 01206nam a2200277 a 4500
003 OSt
005 20230822095018.0
007 cr ||||||a|c|a
008 230822s2023 mx|a|||fom||| 001 0 spa d
040 _erda
100 1 _9187727
_aCruz Martínez, José Andrés
245 1 _aPlantas silvestres con potencial uso ornamental del Municipio de San José Iturbide, Guanajuato, México /
_cpor José Andrés Cruz Martínez ; director de tesis Jorge Alberto Gutiérrez Gallegos.
264 _aChapingo, México :
_bEl autor,
_c2023.
300 _a1 recurso en línea (251 páginas).
_bcuadros, figuras.
336 _2rdacontent
_atexto
_btxt
337 _2rdamedia
_acomputadora
_bc
338 _2rdacarrier
_arecurso en línea
_bcr
502 _bIAEF
_cFitotecnia
_d2023.
_gLIC
504 _aIncluye referencias bibliográficas: páginas 57-67.
650 7 _989068
_aPlantas ornamentales
_xIdentificación
650 0 _9144784
_aEspecies nativas
650 2 _9135825
_aPlantas silvestres
_zGuanajauato
700 1 _9187677
_aGutiérrez Gallegos, Jorge Alberto
_eDirector de tesis.
856 _uhttp:/10.13.5.2/tesis/archivo.pdf
_zDESCARGAR PDF
942 _2Clasificación Universidad Autónoma Chapingo
_cTD
999 _c219090
_d219090